| 000 | 01023nam2a2200265 i 4500 | ||
|---|---|---|---|
| 001 | RU\NLR\bibl\1922640 | ||
| 005 | 20240726234313.0 | ||
| 010 |
_a9785912940453 _9500 |
||
| 021 |
_aRU _b2012-44297 _93269 |
||
| 035 | _a(NLR Aleph) 001912085 | ||
| 090 |
_a3190175 _c3190175 |
||
| 100 | _a20120709d2012 u y0rusy50 ca | ||
| 101 | 0 | _arus | |
| 102 | _aRU | ||
| 105 | _aa ||||||||| | ||
| 200 | 0 | _aЧ. 1 | |
| 210 | _d2012 | ||
| 215 | _a288 с. | ||
| 320 | _aБиблиогр. в подстроч. примеч. | ||
| 461 | 0 |
_1001RU\NLR\bibl\1997781 _12001#$aНаучно-технический потенциал России$vЧ. 1 _94159570 _aМиндели, Л. Э. (1939-) _cМосква _d2011 _fЛ.Э. Миндели, Г.С. Хромов _nИнститут проблем развития науки _o[в 2 ч.] _tНаучно-технический потенциал России _y9785912940446 _vЧ. 1 |
|
| 801 | 0 |
_aRU _bNLR _c20120709 _gRCR |
|
| 801 | 1 |
_aRU _bNLR _c20120709 |
|
| 942 | _cBOOK | ||
| 980 | _aNBR | ||